Large-Scale Group Decision-Making With Uncertain And Behavioral Considerations: Methods And Applications Methods And Applications (Record no. 41681)

MARC details
000 -LEADER
fixed length control field 00400nam a2200121Ia 4500
008 - FIXED-LENGTH DATA ELEMENTS--GENERAL INFORMATION
fixed length control field 241015s9999 xx 000 0 und d
041 ## - LANGUAGE CODE
Language code of text/sound track or separate title eng
082 ## - DEWEY DECIMAL CLASSIFICATION NUMBER
Classification number 658.4033 TON
100 ## - MAIN ENTRY--PERSONAL NAME
Personal name Wu Tong
245 ## - TITLE STATEMENT
Title Large-Scale Group Decision-Making With Uncertain And Behavioral Considerations: Methods And Applications Methods And Applications
260 ## - PUBLICATION, DISTRIBUTION, ETC.
Name of publisher, distributor, etc. Springer
Place of publication, distribution, etc. Singapore
Date of publication, distribution, etc. 2023
300 ## - PHYSICAL DESCRIPTION
Extent 361;. P. 23 cm

No items available.

Designed & Maintained by: LRC IMT Nagpur Contact: lrc@imtnag.ac.in© 2024. All Rights Reserved.